La direction du vent et la scintillation (Record no. 167178)

MARC details
000 -LEADER
campo de control de longitud fija 00758nam a22001815i 4500
001 - NÚMERO DE CONTROL
campo de control 167178
003 - IDENTIFICADOR DE NÚMERO DE CONTROL
campo de control ES-MaACL
005 - FECHA Y HORA DE LA ÚLTIMA TRANSACCIÓN
campo de control 20230906213455.0
008 - DATOS DE LONGITUD FIJA--INFORMACIÓN GENERAL
campo de control de longitud fija 990409s1899 be |||| | fre d
040 ## - FUENTE DE CATALOGACIÓN
Centro catalogador/agencia de origen CCPB | B
Lengua de catalogación spa
Centro/agencia transcriptor CCPB | B
100 1# - ENTRADA PRINCIPAL--NOMBRE DE PERSONA
Nombre de persona Ventosa, Vicente.
9 (RLIN) 113909
245 13 - MENCIÓN DEL TÍTULO
Título La direction du vent et la scintillation
Resto del título : reponse aux objections faites a la methode d'observation des vents superieurs par les ondulations du bord des astres /
Mención de responsabilidad, etc. par V. Ventosa.
260 ## - PUBLICACIÓN, DISTRIBUCIÓN, ETC.
Lugar de publicación, distribución, etc. Bruxelles :
Nombre del editor, distribuidor, etc. [s.n.],
Fecha de publicación, distribución, etc. 1899 (
Fabricante P. Weissenbruch, Imprimeur du Roi)
300 ## - DESCRIPCIÓN FÍSICA
Extensión 41 p. ;
Dimensiones 24 cm.
500 ## - NOTA GENERAL
Nota general Extrait de la revue Ciel et Terre, 20e année.
650 #4 - PUNTO DE ACCESO ADICIONAL DE MATERIA--TÉRMINO DE MATERIA
Término de materia o nombre geográfico como elemento de entrada Viento.
9 (RLIN) 144224
852 ## - LOCALIZACIÓN
Ubicación ES-MaACL
Número de control de estantería Fol-Laf-425
Nota libre -- Rúst.
-- -- Legado de Modesto de la Fuente
Holdings
Estatus retirado Estado de pérdida Estado de daño No para préstamo Colección Biblioteca de origen Biblioteca actual Ubicación en estantería Fecha de adquisición Fuente de adquisición Total de préstamos Signatura topográfica completa Código de barras Visto por última vez Precio de reemplazo Tipo de ítem Koha
        Colección de folletos Biblioteca del Ateneo de Madrid Biblioteca del Ateneo de Madrid Depósito folletos 17/01/2008     Fol-Laf-425 1175369 23/02/2023 23/02/2023 Folleto